00629nam a2200229 a 4500001001300000003000900013005001700022008003800039020000900077082001600086245003000102260001300132300000900145500003500154505001400189650001800203710003300221902000800254942000700262952011500269999001500384nice12345678IN_TiNIC20260116013013.0050524s1986 a grp 000 0 eng  ac1500a270.82bCCA aHave No Fear Little Flock abc1986 a126p aincludes index and biblioraphy2 aStatement aEcumenicalism2 aChristian Conference of Asia bSRS cBK 001040708StackRoom-aHMIbHMId2007-07-17g15.00l0o270.82 CCAp012621r2007-07-17v15.00w2005-05-24yBK c9235d9235